[Event "Oberliga Ost-A 0809"]
[Site "Germany"]
[Date "2008.11.29"]
[Round "2.7"]
[White "Brechlin, Olaf"]
[Black "Limpert, Michael"]
[Result "0-1"]
[WhiteElo "2070"]
[BlackElo "2183"]
[PlyCount "80"]
[EventDate "2008.10.12"]
[EventType "team-tourn"]
[EventRounds "11"]
[EventCountry "GER"]
[SourceTitle "EXT 2010"]
[Source "ChessBase"]
[SourceDate "2010.11.25"]
[SourceVersion "1"]
[SourceVersionDate "2010.11.25"]
[SourceQuality "1"]
[WhiteTeam "Hoyerswerda"]
[BlackTeam "Leipzig Lok II"]
[WhiteTeamCountry "GER"]
[BlackTeamCountry "GER"]

1. Nc3 d5 2. e4 c6 3. Nf3 Bg4 4. h3 Bh5 5. exd5 cxd5 6. d4 Nc6 7. Be3 e6 8. Be2 Bd6 9. 0-0 Nf6 10. Qd2 Rc8 11. Bf4 0-0 12. a3 Bxf4 13. Qxf4 Bxf3 14. Bxf3 Qb6 15. Ne2 Qxb2 16. Rfb1 Qxc2 17. Rxb7 Qa4 18. g4 Qa6 19. Rab1 Nd8 20. Rb8 Rxb8 21. Rxb8 Qxa3 22. Qc7 Qxf3 23. Rxd8 g6 24. Rxf8+ Kxf8 25. Qd6+ Kg7 26. Qe5 Qe4 27. g5 Qxe5 28. dxe5 Nh5 29. f3 Kf8 30. Kf2 Ke7 31. Ke3 Kd7 32. Nd4 Ng7 33. Kd3 Nf5 34. Nb5 Kc6 35. Nxa7+ Kb6 36. Nc8+ Kb7 37. Nd6+ Nxd6 38. exd6 Kc6 39. Kd4 Kxd6 40. f4 Kc6 0-1

[Event "Oberliga Ost-A 0809"]
[Site "Germany"]
[Date "2008.10.12"]
[Round "1.4"]
[White "Engelmann, Jakob"]
[Black "Limpert, Michael"]
[Result "1-0"]
[WhiteElo "2114"]
[BlackElo "2183"]
[PlyCount "97"]
[EventDate "2008.10.12"]
[EventType "team-tourn"]
[EventRounds "11"]
[EventCountry "GER"]
[SourceTitle "EXT 2010"]
[Source "ChessBase"]
[SourceDate "2010.11.25"]
[SourceVersion "1"]
[SourceVersionDate "2010.11.25"]
[SourceQuality "1"]
[WhiteTeam "Halle USV"]
[BlackTeam "Leipzig Lok II"]
[WhiteTeamCountry "GER"]
[BlackTeamCountry "GER"]

1. e4 c6 2. d4 d5 3. exd5 cxd5 4. c4 Nf6 5. Nc3 e6 6. Nf3 Be7 7. Bd3 0-0 8. cxd5 Nxd5 9. 0-0 Nc6 10. a3 a6 11. Re1 Nf6 12. Bg5 h6 13. Bf4 b5 14. Rc1 Bb7 15. Bb1 Re8 16. Qd3 Bf8 17. Ne4 g6 18. Bc7 Qe7 19. Bd6 Qd8 20. Bxf8 Kxf8 21. Nc5 Qe7 22. Ne5 Nxe5 23. dxe5 Ng8 24. h4 Red8 25. Qe3 h5 26. Nxb7 Qxb7 27. Be4 Qa7 28. Bxa8 Qxe3 29. Rxe3 Rxa8 30. Rd3 Ne7 31. Rc7 Nd5 32. Rb7 Rc8 33. Rf3 Ne7 34. Ra7 Nf5 35. Rxa6 Rc5 36. g3 Rxe5 37. a4 bxa4 38. Rxa4 Rb5 39. b3 e5 40. Rc3 Nd4 41. Rc8+ Kg7 42. b4 Kf6 43. Rc7 e4 44. Kg2 Nf5 45. Rc5 Rb7 46. b5 Re7 47. b6 Rb7 48. Rb4 Nd6 49. Rc7 1-0